| 000 | 00380nam a2200157Ia 4500 | ||
|---|---|---|---|
| 008 | 230524s9999 xx 000 0 und d | ||
| 082 |
_a4 _bSIM |
||
| 100 | _aJames Martin | ||
| 245 | 0 | _aComputer Networks and Distributed Processing | |
| 250 | _a5TH | ||
| 260 |
_aNEW DELHI _bPHI _c1992 |
||
| 300 | _aXI;559 | ||
| 500 | _aQuantity Number: 2 | ||
| 650 | _aComp-Sc | ||
| 942 | _cBK | ||
| 999 |
_c37248 _d37248 |
||